Project management : (Record no. 3366)

MARC details
000 -LEADER
fixed length control field 01368nam a2200217 a 4500
020 ## - INTERNATIONAL STANDARD BOOK NUMBER
ISBN 0072978635
020 ## - INTERNATIONAL STANDARD BOOK NUMBER
ISBN 0071244468
050 ## - CALL NUMBER
Classification number HD69.P75G72GRA
100 1# - AUTHOR
Personal name Gray, Clifford F.
245 10 - TITLE
Title Project management :
Remainder of title the managerial process /
Statement of responsibility, etc Clifford F. Gray, Erik W. Larson.
250 ## - EDITION
Edition statement Third edition.
260 ## - PUBLICATION INFORMATION
Place of publication Boston :,
Name of publisher McGraw-Hill/Irwin
Year of publication 2006.
300 ## - DESCRIPTION
Number of Pages xviii, 574 pages :
Other physical details illustrations ;
Dimensions 27 cm + ;
-- 2 CD-ROM (4 3/4 in).
500 ## - NOTES
General note Includes the student disc for this book and a trial version of Microsoft Project Professional 2006.
505 ## - FORMATTED CONTENTS NOTE
Table of Content Ch. 1. Modern Project Management--Ch. 2. Organization Strategy and Project Selection--Ch. 3. Organizational Structure and Culture--Ch. 4. Defining the Project--Ch. 5. Estimating Project Times and Costs--Ch. 6. Developing a Project Plan--Ch. 7. Managing Risk--Ch. 8. Scheduling Resources--Ch. 9. Reducing Project Duration--Ch. 10. Leadership: Being an Effective Project Manager--Ch. 11. Managing Project Teams--Ch. 12. Partnering: Managing Interrorganizational Relations--Ch. 13. Progress and Preformance Measurement and Evaluation--Ch. 14. Project Audit and Closure--Ch. 15. International Projects--Ch. 16. Project Management and the Future.
650 #0 - SUBJECTS
Topical Term Project management.
650 #0 - SUBJECTS
Topical Term Time management.
650 #0 - SUBJECTS
Topical Term Risk management.
700 1# - OTHER AUTHORS
Personal name Larson, Erik W.,
942 ## - ADDED ENTRY ELEMENTS (KOHA)
Koha item type Books
Holdings
Withdrawn status Lost status Collection code Home library Current library Shelving location Date acquired Full call number Accession Number Koha item type
    Reference Methodist University Library Main Methodist University Library Main General Stacks 22/11/2007 HD69.P75G72GRA 29329 Books
Copyright © 2026  MUG Library